| 000 | 00000nam##2200000za#4500 |
| 001 | 9.639861 |
| 003 | CaOODSP |
| 005 | 20220107134005 |
| 007 | cr ||||||||||| |
| 008 | 150407|1993||||xxc|||||o f|0| 0 fre|d |
| 040 | |aCaOODSP|bfre |
| 043 | |an-cn--- |
| 086 | 1 |aH72-21/90-1993F-PDF |
| 110 | 2 |aCentre national d'information sur la violence dans la famille (Canada) |
| 245 | 10|aGroupes de soutien animés par les pairs pour les femmes victimes de violence |h[ressource électronique] |
| 260 | |aOttawa - Ontario : |bSanté Canada. |c[1993]. |
| 300 | |a4p.|bréférences |
| 500 | |aLe n° de catalogue (H72-21/90-1993) de l'édition imprimée bilingue a été incorrectement copié dans l'édition électronique. |
| 590 | |a12-15-Supp|b2012-04-13 |
| 691 | 07|aProgramme d'aide|2gcpds |
| 691 | 07|aViolence faite aux femmes|2gcpds |
| 856 | 40|ahttp://publications.gc.ca|qPDF|s574 Ko|uhttps://publications.gc.ca/collections/Collection/H72-21-90-1993F.pdf |